<?xml version="1.0" encoding="UTF-8"?>
<collection xmlns="http://www.loc.gov/MARC21/slim">
 <record>
  <leader>00502pamaa2200181   4500</leader>
  <controlfield tag="001">0000052354</controlfield>
  <controlfield tag="005">20140304090000.0</controlfield>
  <controlfield tag="008">140305s2012</controlfield>
  <datafield tag="022" ind1="0" ind2="0">
   <subfield code="a">00178012</subfield>
  </datafield>
  <datafield tag="245" ind1="1" ind2="0">
   <subfield code="a">Harvard Business Review : </subfield>
   <subfield code="b">vol. 90, No.1-6, 2012.</subfield>
  </datafield>
  <datafield tag="260" ind1="0" ind2="0">
   <subfield code="a">[Boston: </subfield>
   <subfield code="b">Harvard University, </subfield>
   <subfield code="c">1922-.</subfield>
  </datafield>
  <datafield tag="300" ind1=" " ind2=" ">
   <subfield code="a">v.: </subfield>
   <subfield code="b">ill.; </subfield>
   <subfield code="c">29 cm.</subfield>
  </datafield>
  <datafield tag="500" ind1="0" ind2="0">
   <subfield code="a">Bimonthly, 1948-</subfield>
  </datafield>
  <datafield tag="501" ind1="0" ind2="0">
   <subfield code="a">Library</subfield>
  </datafield>
  <datafield tag="650" ind1="0" ind2="0">
   <subfield code="a">Economic history -- </subfield>
   <subfield code="x">Periodicals </subfield>
  </datafield>
  <datafield tag="650" ind1="0" ind2="0">
   <subfield code="a">Business -- </subfield>
   <subfield code="x">Periodicals </subfield>
  </datafield>
  <datafield tag="710" ind1="1" ind2="1">
   <subfield code="a">Harvard University </subfield>
  </datafield>
  <datafield tag="901" ind1=" " ind2=" ">
   <subfield code="u">www.hbr.org</subfield>
  </datafield>
 </record>
</collection>
